| 000 | 01104nam0a2200277 4500 | ||
|---|---|---|---|
| 001 | RU\NLR\bibl\456984 | ||
| 005 | 20260407064836.0 | ||
| 021 |
_aRU _b2003-52821 _92557 |
||
| 035 | _a(NLR Aleph) 000450504 | ||
| 090 |
_a870896 _c870896 |
||
| 100 | _a20031110d2003 |||y0rusy50 ca | ||
| 101 | 0 | _arus | |
| 102 | _aRU | ||
| 105 | _aa ||||||||| | ||
| 200 | 1 |
_aОборудование для предприятий ЖКХ _eКаталог _fКонцерн ПромСнабКомплект |
|
| 210 |
_aСПб _cБ.и _d2003 |
||
| 215 |
_a80 с. _cил. _d21 |
||
| 225 | 1 | _aБиблиотека главного инженера начальника отдела снабжения | |
| 606 | 0 |
_aКоммунальное хозяйство _jКаталоги _xОборудование _91213948 _3RU\NLR\auth\66493141 |
|
| 686 | _aН93-5я87 | ||
| 712 | 0 | 2 |
_4570 _a"ПромСнабКомплект", концерн _cСанкт-Петербург _3RU\NLR\AUTH\8810032246 _9563035 |
| 801 | 0 |
_aRU _bNLR _c20031110 _gPSBO |
|
| 801 | 1 |
_aRU _bNLR _c20031110 |
|
| 942 | _cBOOK | ||
| 980 | _aNB | ||